Loss and damage to motion picture film.

Bibliographic Details
Corporate Author: United States. Navy Department. Bureau of Navigation
Format: Government Document eBook
Language:English
Published: Washington : [publisher not identified], 1927.
Series:Navigation Bur. Circ. Letter No. 1927/59
Subjects:
Online Access:Connect to the full text of this electronic document

MARC

Tag First Indicator Second Indicator Subfields
LEADER 00000cam a22000001a 4500
001 in00003771069
005 20190408185624.0
006 m o d f
007 cr bn mmmapmmp
008 040322s1927 dcu o f000 0 eng d
035 |a ebd1910602355 
040 |a UMI  |c UMI  |d UtOrBLW 
086 0 |a N 17.20:927/59 
099 |a N17.20-11.59 
245 0 0 |a Loss and damage to motion picture film. 
264 1 |a Washington :  |b [publisher not identified],  |c 1927. 
300 |a 1 online resource (2 pages) 
336 |a text  |b txt  |2 rdacontent 
337 |a computer  |b c  |2 rdamedia 
338 |a online resource  |b cr  |2 rdacarrier 
490 0 |a Navigation Bur. Circ. Letter No. 1927/59 
500 |a [on mishandling of films by Navy personnel]. 
500 |a Record is based on bibliographic data in ProQuest U.S. Executive Branch Documents, 1910-1932. Reuse except for individual research requires license from ProQuest, LLC. 
533 |a Electronic reproduction.  |b [Bethesda, Md.] :  |c ProQuest,  |d 2012.  |e digital, PDF file.  |n ProQuest U.S. Executive Branch Documents, 1910-1932.  |n Mode of access: World Wide Web via ProQuest website. 
538 |a System requirements: PDF reader software. 
500 |a Electronic resource. 
650 0 |a Motion pictures.  |0 http://id.loc.gov/authorities/subjects/sh85088084 
655 7 |a Electronic books.  |2 local 
710 1 |a United States.  |b Navy Department.  |b Bureau of Navigation.  |0 http://id.loc.gov/authorities/names/n88016030 
776 1 8 |i Microfiche version:  |t Loss and damage to motion picture film  |o CIS US Exec MF N17.20-11.59  |w (ProQuest)cis19162863 
856 4 0 |u http://proxy.library.tamu.edu/login?url=http://congressional.proquest.com/congressional/docview/t66.d71.n17.20-11.59  |z Connect to the full text of this electronic document  |t 0 
999 f f |s fc363138-7de5-3651-8787-e617c49915e6  |i 892e8c30-a74b-3850-aba0-87111279f26d  |t 0 
952 f f |a Texas A&M University  |b College Station  |c Electronic Resources  |d Available Online  |t 0  |h No information provided 
998 f f |t 0  |l Available Online